Fluktuácia zamestnancov diplomová práca

Salvato in:
Dettagli Bibliografici
Autore principale: Adamová, Marcela
Ente Autore: Podnikovohospodárska fakulta EU so sídlom v Košiciach. Katedra manažmentu
Altri autori: Olexová, Cecília, 1976-
Natura: Libro
Lingua:slovacco
Pubblicazione: Košice 2012
Tags: Aggiungi Tag
Nessun Tag, puoi essere il primo ad aggiungerne!!

MARC

LEADER 00000nbm a2200000 4500
001 0153113
005 20161109102049.0
041 0 |a slo 
044 |a SK 
245 1 0 |a Fluktuácia zamestnancov  |b diplomová práca  |c Marcela Adamová ; školiteľ: Cecília Olexová 
264 1 |a Košice  |c 2012 
300 |a 67 s. 
100 1 |a Adamová, Marcela 
700 1 |a Olexová, Cecília, 1976- 
710 2 |a Podnikovohospodárska fakulta EU so sídlom v Košiciach. Katedra manažmentu